Vista normal
Vista MARC
Entrada Término temático
Número de registros utilizados en: 3
001 - NÚMERO DE CONTROL
- campo de control: 82602
003 - IDENTIFICADOR DEL NÚMERO DE CONTROL
- campo de control: DO-SdBNP
005 - FECHA Y HORA DE LA ÚLTIMA TRANSACCIÓN
- campo de control: 20221027101727.0
008 - DATOS DE LONGITUD FIJA
- campo de control de longitud fija: 221027|| aca||aabn | a|a d
040 ## - FUENTE DE LA CATALOGACIÓN
- Centro catalogador/agencia de origen: DO-SdBNP
- Centro/agencia transcriptor: DO-SdBNP
150 ## - ENCABEZAMIENTO--TÉRMINO DE MATERIA
- Término de materia o nombre geográfico como elemento de entrada: Vehículos de motor
- Subdivisión general: Legislación
- Subdivisión geográfica: República Dominicana
670 ## - FUENTE DE DATOS ENCONTRADOS
- Cita de la fuente: Work cat.: (DO-SdBNP)52653: República Dominicana. [Leyes, etc.] 447, Ley no. 241 de tránsito de vehículos (con sus modificaciones anexa al 1992), 1992.
